| 000 | 01098nam a22002891 4500 | ||
|---|---|---|---|
| 001 | 53828 | ||
| 003 | BD-RjUL | ||
| 005 | 20211209080027.0 | ||
| 008 | 161026m19531960nyua b 001 0 eng | ||
| 035 | _a(BD-RjUL)53950 | ||
| 040 |
_aDLC _cDLC _dm.c. _dBD-RjUL _beng |
||
| 041 | _aeng | ||
| 082 |
_223 _a539.7 _bEXP V-1-3 1953-1960 |
||
| 245 | 0 | 0 |
_aExperimental nuclear physics / _cE. Segrè , Editor |
| 260 |
_aNew York : _bJohn Wiley and Sons, _cc1953-1959 [Printing 1960] |
||
| 300 |
_a3 v. : _bill. ; _c24 cm. |
||
| 500 | _a"Contributors: V-1 : H. Staub ...[et al.] ; V-2: P. Morrison and B. T. Fed ; V-3: E. Segre ... [et al.]" | ||
| 504 | _aIncludes bibliographies. | ||
| 505 | 0 | _aVol. 1-- v. 2 -- v. 3-- | |
| 650 | 0 |
_aNuclear physics. _9160773 |
|
| 700 |
_aSegrè, E. , ed. _9234225 |
||
| 700 |
_aStaub, H. ... [et al.],Contributors of V-1 _q and B. T. Fed _929580 |
||
| 700 |
_aMorrison, P. , Contributors of V-2 _9234226 |
||
| 700 |
_aFed, B. T. , Jt. Contributors of V-2 _9234227 |
||
| 700 |
_aSegre, E. ... [et al.], Contributors of V-3 _9234228 |
||
| 942 |
_2ddc _cBK |
||
| 999 |
_c53828 _d53828 |
||